[Event "PRO League Stage"]
[Site "Chess.com INT"]
[Date "2018.02.24"]
[Round "7"]
[White "Clarke, Brandon GI"]
[Black "Summerscale, Aaron"]
[Result "1-0"]
[WhiteElo "2360"]
[BlackElo "2395"]
[PlyCount "89"]
[EventDate "2018.01.18"]
[EventType "team-swiss (rapid)"]
[EventRounds "9"]
[EventCountry "USA"]
[SourceTitle "EXT 2019"]
[Source "ChessBase"]
[SourceDate "2018.10.10"]
[SourceVersion "1"]
[SourceVersionDate "2018.10.10"]
[SourceQuality "1"]
[WhiteTeam "Australia Kangaroos"]
[BlackTeam "London Towers"]
[WhiteTeamCountry "AUS"]
[BlackTeamCountry "ENG"]

1. e4 e6 2. d4 d5 3. Nc3 Nf6 4. e5 Nfd7 5. f4 c5 6. Nf3 Nc6 7. Be3 a6 8. Qd2 b5 9. dxc5 Bxc5 10. Bd3 Qb6 11. Bf2 b4 12. Na4 Bxf2+ 13. Qxf2 Qxf2+ 14. Kxf2 a5 15. Bb5 Na7 16. Nd4 Rb8 17. Bd3 Nb6 18. Nc5 Nc4 19. a3 Nxb2 20. axb4 Rxb4 21. c3 Nxd3+ 22. Nxd3 Rb6 23. Rxa5 Nc6 24. Rc5 Bd7 25. Nxc6 Rxc6 26. Ra1 0-0 27. Ra7 Rxc5 28. Nxc5 Bb5 29. Ke3 h6 30. Kd4 Rb8 31. g3 Be8 32. Nb7 Bc6 33. Nd6 Be8 34. h4 Kf8 35. g4 Rd8 36. f5 Rb8 37. g5 hxg5 38. hxg5 Rd8 39. g6 fxg6 40. fxe6 Rb8 41. Kxd5 g5 42. Ke4 g6 43. Kf3 Bc6+ 44. Kg4 Bd5 45. e7+ 1-0

[Event "PRO League Stage"]
[Site "Chess.com INT"]
[Date "2018.02.24"]
[Round "7"]
[White "Nemcova, Katerina"]
[Black "Summerscale, Aaron"]
[Result "1/2-1/2"]
[WhiteElo "2315"]
[BlackElo "2395"]
[PlyCount "147"]
[EventDate "2018.01.18"]
[EventType "team-swiss (rapid)"]
[EventRounds "9"]
[EventCountry "USA"]
[SourceTitle "EXT 2019"]
[Source "ChessBase"]
[SourceDate "2018.10.10"]
[SourceVersion "1"]
[SourceVersionDate "2018.10.10"]
[SourceQuality "1"]
[WhiteTeam "Webster Windmills"]
[BlackTeam "London Towers"]
[WhiteTeamCountry "USA"]
[BlackTeamCountry "ENG"]

1. d4 d5 2. Bf4 Nf6 3. e3 e6 4. Nf3 Bd6 5. Bg3 Nbd7 6. Nbd2 Qe7 7. c4 c6 8. Bd3 e5 9. dxe5 Nxe5 10. Nxe5 Bxe5 11. Bxe5 Qxe5 12. cxd5 Qxd5 13. Nf3 Bg4 14. Be2 0-0-0 15. Qxd5 Rxd5 16. 0-0 Rhd8 17. Rfd1 Bxf3 18. Bxf3 Rd2 19. Rxd2 Rxd2 20. Rb1 Nd7 21. Rd1 Rxd1+ 22. Bxd1 Kc7 23. Bc2 h6 24. Kf1 Kd6 25. Ke2 c5 26. Bb3 f6 27. f4 b5 28. Bf7 Nb6 29. Kd3 c4+ 30. Kd4 Na4 31. b3 cxb3 32. axb3 Nb6 33. e4 a6 34. e5+ fxe5+ 35. fxe5+ Ke7 36. Bg8 Nd7 37. Bd5 a5 38. Bc6 a4 39. bxa4 bxa4 40. Bxa4 Nf8 41. Bb3 Nd7 42. Bd5 Nf8 43. g3 Nd7 44. Bb3 Nf8 45. Bd5 Nd7 46. Bg2 Nf8 47. Bh3 Nh7 48. Bf5 Ng5 49. Ke3 Nf7 50. Kf4 Nd8 51. h4 Nc6 52. Be4 Nd4 53. Bd5 Ne2+ 54. Kf3 Nc3 55. Bc4 Na4 56. Kf4 g6 57. h5 gxh5 58. Kf5 Nc5 59. Be2 Ne6 60. Bxh5 Nd4+ 61. Ke4 Ne6 62. Bg4 Ng7 63. Bc8 Kf7 64. Kf4 Ke7 65. Ke4 Kf7 66. g4 Ke7 67. Bf5 Kf7 68. Kd5 Ke7 69. Ke4 Kf7 70. Kd4 h5 71. Ke4 hxg4 72. Bxg4 Ke7 73. Kd5 Ne8 74. Bh3 1/2-1/2

[Event "PRO League Stage"]
[Site "Chess.com INT"]
[Date "2018.02.24"]
[Round "7"]
[White "Ravuri, Vinesh"]
[Black "Summerscale, Aaron"]
[Result "0-1"]
[WhiteElo "1990"]
[BlackElo "2395"]
[PlyCount "86"]
[EventDate "2018.01.18"]
[EventType "team-swiss (rapid)"]
[EventRounds "9"]
[EventCountry "USA"]
[SourceTitle "EXT 2019"]
[Source "ChessBase"]
[SourceDate "2018.10.10"]
[SourceVersion "1"]
[SourceVersionDate "2018.10.10"]
[SourceQuality "1"]
[WhiteTeam "San Jose Hackers"]
[BlackTeam "London Towers"]
[WhiteTeamCountry "USA"]
[BlackTeamCountry "ENG"]

1. d4 d5 2. c4 e6 3. Nf3 c5 4. cxd5 exd5 5. Nc3 Nc6 6. g3 Nf6 7. Bg2 Be7 8. 0-0 c4 9. Ne5 0-0 10. Bf4 Be6 11. Nxc4 dxc4 12. d5 Nxd5 13. Nxd5 Bf6 14. Bc7 Qd7 15. Nxf6+ gxf6 16. Qxd7 Bxd7 17. Rfd1 Be6 18. Rac1 Rac8 19. Bf4 Kg7 20. Rd6 Rfd8 21. Rcd1 Rxd6 22. Rxd6 Ne5 23. h3 Rc5 24. Be3 Ra5 25. a3 b6 26. g4 c3 27. bxc3 Nc4 28. Rd3 Nxe3 29. Rxe3 Rxa3 30. f4 a5 31. f5 Bc4 32. Kf2 Rb3 33. h4 h6 34. Bc6 b5 35. Re7 Rxc3 36. e4 a4 37. Ra7 a3 38. g5 hxg5 39. hxg5 fxg5 40. e5 Kh6 41. e6 fxe6 42. f6 Bd5 43. Bxb5 a2 0-1

[Event "PRO League Stage"]
[Site "Chess.com INT"]
[Date "2018.02.24"]
[Round "7"]
[White "Summerscale, Aaron"]
[Black "Abrahamyan, Tatev"]
[Result "1/2-1/2"]
[WhiteElo "2395"]
[BlackElo "2332"]
[PlyCount "149"]
[EventDate "2018.01.18"]
[EventType "team-swiss (rapid)"]
[EventRounds "9"]
[EventCountry "USA"]
[SourceTitle "EXT 2019"]
[Source "ChessBase"]
[SourceDate "2018.10.10"]
[SourceVersion "1"]
[SourceVersionDate "2018.10.10"]
[SourceQuality "1"]
[WhiteTeam "London Towers"]
[BlackTeam "San Diego Surfers"]
[WhiteTeamCountry "ENG"]
[BlackTeamCountry "USA"]

1. d4 Nf6 2. Nf3 e6 3. Bf4 b6 4. e3 Bb7 5. Nbd2 c5 6. c3 cxd4 7. cxd4 Be7 8. Bd3 0-0 9. h3 d6 10. 0-0 a6 11. Qe2 Nbd7 12. Bh2 Re8 13. Rfc1 b5 14. a4 bxa4 15. Rxa4 Nb6 16. Raa1 a5 17. Bb5 Nfd7 18. Bc6 Qb8 19. Qb5 Bxc6 20. Rxc6 Nd5 21. Qxb8 Nxb8 22. Rcc1 Nb6 23. Nc4 Nxc4 24. Rxc4 d5 25. Rca4 Nc6 26. Ne5 Nxe5 27. Bxe5 Bb4 28. Bc7 h6 29. Bxa5 Bxa5 30. Rxa5 Rab8 31. Rb1 Rb3 32. Ra3 Rb4 33. b3 Rc8 34. Ra4 Rb5 35. b4 Rc4 36. Kf1 g6 37. Rb2 Kg7 38. Ke2 Kf6 39. Kd3 h5 40. h4 e5 41. f3 exd4 42. exd4 Kf5 43. g3 f6 44. Ra5 Rxa5 45. bxa5 Ra4 46. Rb5 Ra3+ 47. Ke2 Ke6 48. Rb6+ Kf5 49. a6 g5 50. hxg5 fxg5 51. Rd6 Ra2+ 52. Ke1 Ra1+ 53. Kd2 Ra5 54. a7 Rxa7 55. Rxd5+ Kf6 56. f4 gxf4 57. gxf4 Rh7 58. Ke2 h4 59. Kf2 h3 60. Kg1 h2+ 61. Kh1 Rh4 62. Rd8 Ke7 63. Rd5 Rxf4 64. Kxh2 Ke6 65. Rd8 Ke7 66. Kg3 Kxd8 67. Kxf4 Kd7 68. Ke5 Ke7 69. Kd5 Kd7 70. Kc5 Kc7 71. d5 Kd7 72. d6 Kd8 73. Kc6 Kc8 74. d7+ Kd8 75. Kd6 1/2-1/2

[Event "BCF-chT3S 1617 (4NCL) Promotion pool"]
[Site "England"]
[Date "2017.03.19"]
[Round "8.11"]
[White "Summerscale, Aaron"]
[Black "Rutter, Nicholas J"]
[Result "1/2-1/2"]
[WhiteElo "2399"]
[BlackElo "2140"]
[PlyCount "70"]
[EventDate "2016.11.26"]
[EventType "team-tourn"]
[EventRounds "11"]
[EventCountry "ENG"]
[SourceTitle "EXT 2019"]
[Source "ChessBase"]
[SourceDate "2018.10.10"]
[SourceVersion "1"]
[SourceVersionDate "2018.10.10"]
[SourceQuality "1"]
[WhiteTeam "Wood Green"]
[BlackTeam "Shropshire"]
[WhiteTeamCountry "ENG"]
[BlackTeamCountry "ENG"]

1. d4 d5 2. Bf4 e6 3. e3 Nf6 4. Nd2 Nbd7 5. Ngf3 c5 6. c3 Be7 7. Ne5 Nxe5 8. Bxe5 0-0 9. Bd3 c4 10. Bc2 Nd7 11. Bg3 f5 12. 0-0 Nf6 13. f3 Bd6 14. Bxd6 Qxd6 15. e4 Qb6 16. Rb1 Qc7 17. e5 Nh5 18. f4 g6 19. Qe1 Qe7 20. Bd1 Ng7 21. Bf3 b5 22. Qe3 Bd7 23. b3 Rab8 24. b4 a5 25. a3 axb4 26. axb4 Ra8 27. Ra1 Bc6 28. Rfb1 Qb7 29. Qe1 Rxa1 30. Rxa1 Ra8 31. Qc1 Ra6 32. Ra3 Qa7 33. Nb1 Rxa3 34. Qxa3 Qxa3 35. Nxa3 Kf7 1/2-1/2

[Event "London Classic op 7th"]
[Site "London"]
[Date "2015.12.05"]
[Round "2"]
[White "Summerscale, Aaron"]
[Black "Juknis, Paulius"]
[Result "1-0"]
[WhiteElo "2418"]
[BlackElo "2192"]
[PlyCount "81"]
[EventDate "2015.12.04"]
[EventType "swiss"]
[EventRounds "9"]
[EventCountry "ENG"]
[SourceTitle "CBM 169 Extra"]
[Source "ChessBase"]
[SourceDate "2015.12.18"]
[SourceVersion "1"]
[SourceVersionDate "2015.12.18"]
[SourceQuality "1"]

1. Nf3 Nf6 2. c4 g6 3. Nc3 Bg7 4. d4 d6 5. e4 0-0 6. Be2 Na6 7. 0-0 e5 8. Re1 Bg4 9. Be3 Bxf3 10. Bxf3 exd4 11. Bxd4 Nb4 12. e5 Nd7 13. Bxb7 Rb8 14. Be4 c5 15. Be3 Nxe5 16. a3 Nbc6 17. Bd5 Na5 18. Qe2 Nb3 19. Rab1 a6 20. Ne4 Qc7 21. Qd1 Nc6 22. Bg5 Nbd4 23. Re3 Kh8 24. Bf6 Bxf6 25. Nxf6 Kg7 26. Ne4 Ne7 27. Nc3 Nef5 28. Re1 Rfe8 29. Rxe8 Rxe8 30. b4 Re7 31. g3 Qd8 32. Qd3 Qe8 33. Ne4 Qd8 34. bxc5 dxc5 35. Nxc5 Qa5 36. Ne4 Ne6 37. Qb3 Nfd4 38. Qb2 Kh6 39. Kg2 Qc7 40. Rd1 Nf5 41. Nf6 1-0

[Event "GBR-ch 102nd"]
[Site "Coventry"]
[Date "2015.08.07"]
[Round "11"]
[White "Summerscale, Aaron"]
[Black "Gormally, Daniel"]
[Result "1/2-1/2"]
[WhiteElo "2416"]
[BlackElo "2484"]
[PlyCount "64"]
[EventDate "2015.07.27"]
[EventType "swiss"]
[EventRounds "11"]
[EventCountry "ENG"]
[SourceTitle "CBM 167 Extra"]
[Source "ChessBase"]
[SourceDate "2015.09.14"]
[SourceVersion "1"]
[SourceVersionDate "2015.09.14"]
[SourceQuality "1"]

1. Nf3 Nf6 2. c4 g6 3. Nc3 Bg7 4. e4 d6 5. d4 0-0 6. Be2 c5 7. d5 e6 8. 0-0 Re8 9. h3 Na6 10. Bg5 h6 11. Be3 exd5 12. exd5 Ne4 13. Nxe4 Rxe4 14. Rb1 Re8 15. a3 Bf5 16. Bd3 Bxd3 17. Qxd3 Nb8 18. b4 b6 19. bxc5 bxc5 20. Rb5 Nd7 21. Rfb1 Nb6 22. Bd2 Qe7 23. Re1 Qf6 24. Rxe8+ Rxe8 25. Ba5 Nd7 26. Rb7 Qa1+ 27. Kh2 Ne5 28. Nxe5 Qxe5+ 29. Kg1 Qa1+ 30. Kh2 Qe5+ 31. Kg1 Qa1+ 32. Kh2 Qe5+ 1/2-1/2

[Event "GBR-ch 102nd"]
[Site "Coventry"]
[Date "2015.08.04"]
[Round "8"]
[White "Arkell, Keith C"]
[Black "Summerscale, Aaron"]
[Result "1-0"]
[WhiteElo "2502"]
[BlackElo "2416"]
[PlyCount "65"]
[EventDate "2015.07.27"]
[EventType "swiss"]
[EventRounds "11"]
[EventCountry "ENG"]
[SourceTitle "CBM 167 Extra"]
[Source "ChessBase"]
[SourceDate "2015.09.14"]
[SourceVersion "1"]
[SourceVersionDate "2015.09.14"]
[SourceQuality "1"]

1. d4 d5 2. c4 c6 3. Nf3 Nf6 4. Nc3 a6 5. e3 e6 6. a4 c5 7. cxd5 exd5 8. Be2 Nc6 9. 0-0 Bd6 10. b3 cxd4 11. Nxd4 Qe7 12. Bb2 0-0 13. Bf3 Qe5 14. g3 Bh3 15. Re1 Rfd8 16. Nxd5 Nxd4 17. Bxd4 Qe6 18. Nxf6+ gxf6 19. Bxb7 Rab8 20. Qf3 Be5 21. b4 Bg4 22. Qh1 Bxd4 23. exd4 Qb6 24. Bf3 Bxf3 25. Qxf3 Rxd4 26. Rac1 Rxb4 27. Rc6 Qa5 28. Rxf6 Rxa4 29. Re7 Ra1+ 30. Kg2 Qb5 31. Kh3 Qf1+ 32. Kh4 Qh1 33. Rg6+ 1-0

[Event "London Classic op 5th"]
[Site "London"]
[Date "2013.12.11"]
[Round "5"]
[White "Hawkins, Jonathan J"]
[Black "Summerscale, Aaron"]
[Result "1/2-1/2"]
[WhiteElo "2512"]
[BlackElo "2423"]
[PlyCount "125"]
[EventDate "2013.12.07"]
[EventType "swiss"]
[EventRounds "9"]
[EventCountry "ENG"]
[SourceTitle "CBM 157 Extra"]
[Source "ChessBase"]
[SourceDate "2013.12.19"]
[SourceVersion "1"]
[SourceVersionDate "2013.12.19"]
[SourceQuality "1"]

1. d4 d5 2. c4 e6 3. Nf3 Nf6 4. Nc3 Be7 5. Bg5 h6 6. Bh4 0-0 7. e3 Ne4 8. Bxe7 Qxe7 9. Rc1 Nxc3 10. Rxc3 c6 11. Qc2 Nd7 12. Bd3 dxc4 13. Bxc4 b6 14. Bd3 c5 15. Bh7+ Kh8 16. Be4 Rb8 17. 0-0 a5 18. Rc1 Bb7 19. Bxb7 Rxb7 20. dxc5 Nxc5 21. Ne5 Rc7 22. Qe2 Rfc8 23. Qb5 Ne4 24. Rxc7 Rxc7 25. Rd1 Qc5 26. Qxc5 Nxc5 27. f3 Na4 28. Rd2 f6 29. b3 fxe5 30. bxa4 Rc6 31. Rb2 Kg8 32. Rb5 e4 33. fxe4 Kf7 34. e5 Rc2 35. a3 Rc3 36. Rxb6 Rxa3 37. Ra6 Rxa4 38. Kf2 Ra1 39. e4 a4 40. Ra7+ Kf8 41. Ra8+ Kf7 42. Ra7+ Kg6 43. Re7 Kg5 44. g3 a3 45. Rxg7+ Kh5 46. Kg2 a2 47. Ra7 Kg4 48. Ra8 Kg5 49. Ra6 Kg4 50. Ra7 Re1 51. h3+ Kg5 52. Rxa2 Rxe4 53. Ra5 Kf5 54. Kf3 Rxe5 55. g4+ Kf6 56. Rxe5 Kxe5 57. Ke3 h5 58. gxh5 Kf5 59. h6 Kg6 60. Kf4 Kxh6 61. Ke5 Kh5 62. h4 Kxh4 63. Kxe6 1/2-1/2

[Event "London Classic op"]
[Site "London"]
[Date "2011.12.11"]
[Round "9"]
[White "Summerscale, Aaron"]
[Black "Smith, Andrew Philip"]
[Result "1-0"]
[WhiteElo "2422"]
[BlackElo "2167"]
[PlyCount "61"]
[EventDate "2011.12.03"]
[EventType "swiss"]
[EventRounds "9"]
[EventCountry "ENG"]
[SourceTitle "CBM 145 Extra"]
[Source "ChessBase"]
[SourceDate "2012.01.03"]
[SourceVersion "1"]
[SourceVersionDate "2012.01.03"]
[SourceQuality "1"]

1. d4 d6 2. Nf3 Bg4 3. c4 Bxf3 4. exf3 Nd7 5. d5 g6 6. Be3 Bg7 7. Qd2 Ngf6 8. Nc3 0-0 9. Be2 Re8 10. 0-0 e6 11. Rac1 Nb6 12. Rfd1 Qd7 13. Qc2 Nc8 14. Ne4 Ne7 15. Bg5 Nxe4 16. fxe4 c5 17. Bg4 f5 18. Bh3 exd5 19. exf5 Nxf5 20. Rxd5 Re5 21. Bxf5 gxf5 22. Rxe5 Bxe5 23. g3 Rf8 24. Re1 f4 25. Qe4 f3 26. Re3 Qg7 27. Bh4 Rf4 28. Qd5+ Kh8 29. Rxf3 Rxh4 30. Qe6 Bf6 31. Rxf6 1-0

[Event "GBR-ch 98th"]
[Site "Sheffield"]
[Date "2011.07.29"]
[Round "5"]
[White "Summerscale, Aaron"]
[Black "Atako, Chino"]
[Result "1-0"]
[WhiteElo "2415"]
[BlackElo "2110"]
[PlyCount "103"]
[EventDate "2011.07.24"]
[EventType "swiss"]
[EventRounds "11"]
[EventCountry "ENG"]
[SourceTitle "CBM 143 Extra"]
[Source "ChessBase"]
[SourceDate "2011.08.29"]
[SourceVersion "1"]
[SourceVersionDate "2011.08.29"]
[SourceQuality "1"]

1. d4 Nf6 2. Nf3 e6 3. e3 b6 4. Bd3 Bb7 5. 0-0 Be7 6. c4 0-0 7. Nc3 d5 8. b3 Nbd7 9. Bb2 c5 10. Rc1 Re8 11. cxd5 exd5 12. Qe2 Ne4 13. Rfd1 Bf6 14. Ba6 Bxa6 15. Qxa6 Nxc3 16. Bxc3 cxd4 17. Bxd4 Bxd4 18. Nxd4 Nc5 19. Qb5 Qf6 20. Rc2 h6 21. b4 Ne6 22. h3 Nxd4 23. Rxd4 Rac8 24. Rxd5 Rxc2 25. Qxe8+ Kh7 26. Qe4+ Qg6 27. Qxg6+ Kxg6 28. a4 Ra2 29. a5 bxa5 30. bxa5 f6 31. g4 a6 32. Kg2 Kf7 33. h4 Ke6 34. e4 Ra4 35. f3 Ra2+ 36. Kg3 Ra3 37. g5 hxg5 38. hxg5 Ra1 39. Kg4 Kf7 40. Kf5 fxg5 41. Kxg5 Ra3 42. Kg4 Ke7 43. Rc5 Ke8 44. f4 Kf7 45. Kf5 Ra1 46. Rc7+ Ke8 47. Ke6 Kd8 48. Rxg7 Rxa5 49. e5 Rb5 50. Kf6 a5 51. e6 Rb6 52. Ra7 1-0

[Event "GBR-ch 98th"]
[Site "Sheffield"]
[Date "2011.07.28"]
[Round "4"]
[White "Salimbeni, George PW"]
[Black "Summerscale, Aaron"]
[Result "0-1"]
[WhiteElo "2150"]
[BlackElo "2415"]
[PlyCount "72"]
[EventDate "2011.07.24"]
[EventType "swiss"]
[EventRounds "11"]
[EventCountry "ENG"]
[SourceTitle "CBM 143 Extra"]
[Source "ChessBase"]
[SourceDate "2011.08.29"]
[SourceVersion "1"]
[SourceVersionDate "2011.08.29"]
[SourceQuality "1"]

1. e4 e6 2. d4 d5 3. Nd2 c5 4. Ngf3 Nf6 5. exd5 exd5 6. Bb5+ Bd7 7. Bxd7+ Nbxd7 8. 0-0 Be7 9. dxc5 Nxc5 10. Nb3 Nce4 11. Nfd4 Qd7 12. Qf3 0-0 13. Nf5 Bd8 14. Be3 g6 15. Nh6+ Kg7 16. Rfd1 Rc8 17. c3 b5 18. h3 Qb7 19. Ng4 Nxg4 20. hxg4 a5 21. a3 Kg8 22. Rd3 Bc7 23. Qd1 Rcd8 24. Qf3 Rfe8 25. Rad1 b4 26. cxb4 axb4 27. Bf4 Bb6 28. Be3 Bxe3 29. Rxe3 bxa3 30. bxa3 Qa7 31. Nd4 Qa4 32. Rb3 Rb8 33. Rxb8 Rxb8 34. Qd3 Rb2 35. Ne2 Rxe2 36. Qxe2 Nc3 0-1

[Event "Coulsdon Easter"]
[Site "Coulsdon"]
[Date "2011.04.20"]
[Round "6"]
[White "Lenier, Jude"]
[Black "Summerscale, Aaron"]
[Result "1/2-1/2"]
[WhiteElo "2023"]
[BlackElo "2437"]
[PlyCount "42"]
[EventDate "2011.04.17"]
[EventType "tourn"]
[EventRounds "9"]
[EventCountry "ENG"]
[EventCategory "1"]
[SourceTitle "CBM 142 Extra"]
[Source "ChessBase"]
[SourceDate "2011.06.27"]
[SourceVersion "1"]
[SourceVersionDate "2011.06.27"]
[SourceQuality "1"]

1. e4 e6 2. d3 d5 3. Nd2 Nf6 4. Ngf3 Bc5 5. e5 Nfd7 6. c3 Be7 7. d4 c5 8. Bd3 Nc6 9. 0-0 g6 10. Qe2 g5 11. Ne1 h5 12. Qe3 Qb6 13. Nc2 Nf8 14. Kh1 Bd7 15. a3 cxd4 16. cxd4 f6 17. f4 f5 18. b4 a5 19. b5 Na7 20. a4 Rc8 21. Nb3 Qd8 1/2-1/2

[Event "Coulsdon Easter"]
[Site "Coulsdon"]
[Date "2011.04.20"]
[Round "7"]
[White "Summerscale, Aaron"]
[Black "Campbell, Eoin S"]
[Result "1/2-1/2"]
[WhiteElo "2437"]
[BlackElo "1925"]
[PlyCount "32"]
[EventDate "2011.04.17"]
[EventType "tourn"]
[EventRounds "9"]
[EventCountry "ENG"]
[EventCategory "1"]
[SourceTitle "CBM 142 Extra"]
[Source "ChessBase"]
[SourceDate "2011.06.27"]
[SourceVersion "1"]
[SourceVersionDate "2011.06.27"]
[SourceQuality "1"]

1. d4 Nf6 2. c4 g6 3. Nc3 d5 4. Bf4 Bg7 5. e3 0-0 6. cxd5 Nxd5 7. Nxd5 Qxd5 8. Bxc7 Na6 9. Bxa6 Qxg2 10. Qf3 Qxf3 11. Nxf3 bxa6 12. Rc1 a5 13. Rc5 Bb7 14. Ke2 Ba6+ 15. Kd2 Bb7 16. Ke2 Ba6+ 1/2-1/2

[Event "BCF-chT1c 1011 (4NCL) Promotion pool"]
[Site "England"]
[Date "2011.03.27"]
[Round "8.11"]
[White "Camacho Collados, Marcos"]
[Black "Summerscale, Aaron"]
[Result "1/2-1/2"]
[WhiteElo "2360"]
[BlackElo "2434"]
[PlyCount "52"]
[EventDate "2010.11.06"]
[EventType "team-tourn"]
[EventRounds "4"]
[EventCountry "ENG"]
[SourceTitle "EXT 2012"]
[Source "ChessBase"]
[SourceDate "2011.11.24"]
[SourceVersion "1"]
[SourceVersionDate "2011.11.24"]
[SourceQuality "1"]
[WhiteTeam "Guildford"]
[BlackTeam "Pride and Prejudice"]
[WhiteTeamCountry "ENG"]
[BlackTeamCountry "ENG"]

1. e4 e6 2. d3 d5 3. Nd2 Nf6 4. Ngf3 Bc5 5. d4 Be7 6. Bd3 c5 7. c3 Nc6 8. exd5 Nxd5 9. Nb3 cxd4 10. Nbxd4 Nxd4 11. Nxd4 0-0 12. 0-0 Qc7 13. Qh5 g6 14. Qf3 Rd8 15. Rd1 a6 16. Ne2 e5 17. Bc2 Be6 18. Bb3 Nf6 19. Bg5 Bg4 20. Qe3 Rxd1+ 21. Rxd1 Bc5 22. Qd3 Bf5 23. Qf3 Ng4 24. Rf1 h6 25. Bc1 Rd8 26. g3 Qb6 1/2-1/2

[Event "BCF-chT1a 1011 (4NCL)"]
[Site "England"]
[Date "2011.02.19"]
[Round "5.11"]
[White "Summerscale, Aaron"]
[Black "Wells, Daniel J"]
[Result "1-0"]
[WhiteElo "2434"]
[BlackElo "1997"]
[PlyCount "67"]
[EventDate "2010.11.06"]
[EventType "team-tourn"]
[EventRounds "7"]
[EventCountry "ENG"]
[SourceTitle "EXT 2012"]
[Source "ChessBase"]
[SourceDate "2011.11.24"]
[SourceVersion "1"]
[SourceVersionDate "2011.11.24"]
[SourceQuality "1"]
[WhiteTeam "Pride and Prejudice"]
[BlackTeam "Pandoras Box"]
[WhiteTeamCountry "ENG"]
[BlackTeamCountry "ENG"]

1. d4 Nf6 2. c4 g6 3. Nc3 Bg7 4. e4 d6 5. Nf3 0-0 6. Be2 e5 7. 0-0 Nc6 8. d5 Ne7 9. Ne1 Nd7 10. Be3 f5 11. f3 f4 12. Bf2 g5 13. a4 h5 14. a5 Nf6 15. c5 Ng6 16. cxd6 cxd6 17. Nb5 g4 18. Nxa7 g3 19. Bb6 gxh2+ 20. Kh1 Qe7 21. Rc1 Bd7 22. Rc7 h4 23. Bb5 Rab8 24. Bxd7 Nxd7 25. Nc6 bxc6 26. dxc6 h3 27. Rxd7 Qg5 28. c7 Nh4 29. gxh3 Rbc8 30. Qxd6 Bf6 31. Qe6+ Kh8 32. Rf7 Rxf7 33. Qxc8+ Kh7 34. Qe6 1-0

[Event "Hastings Masters op 86th"]
[Site "Hastings"]
[Date "2010.12.31"]
[Round "4"]
[White "Summerscale, Aaron"]
[Black "Marusenko, Petr"]
[Result "1-0"]
[WhiteElo "2434"]
[BlackElo "2206"]
[PlyCount "65"]
[EventDate "2010.12.28"]
[EventType "swiss"]
[EventRounds "9"]
[EventCountry "ENG"]
[SourceTitle "CBM 140 Extra"]
[Source "ChessBase"]
[SourceDate "2011.03.01"]
[SourceVersion "1"]
[SourceVersionDate "2011.03.01"]
[SourceQuality "1"]

1. d4 d5 2. c4 c6 3. Nf3 Nf6 4. Nc3 dxc4 5. a4 Na6 6. e3 Bg4 7. Bxc4 e6 8. h3 Bh5 9. 0-0 Nb4 10. Qe2 Be7 11. g4 Bg6 12. e4 0-0 13. Bf4 c5 14. Rfd1 cxd4 15. Nxd4 Qc8 16. Rac1 a6 17. Bb3 Nc6 18. e5 Ne8 19. Ne4 Qb8 20. Bg3 Nc7 21. Nd6 Rd8 22. Nxc6 bxc6 23. Qf3 Nd5 24. Rxc6 Bxd6 25. Rxd6 Rc8 26. Bxd5 exd5 27. Qxd5 Bc2 28. e6 Bxd1 29. exf7+ Kh8 30. Rh6 Qxg3+ 31. fxg3 Bc2 32. Rc6 Rd8 33. Qxd8+ 1-0

[Event "Hastings Masters op 86th"]
[Site "Hastings"]
[Date "2010.12.28"]
[Round "1"]
[White "Snape, Ian L"]
[Black "Summerscale, Aaron"]
[Result "1/2-1/2"]
[WhiteElo "2228"]
[BlackElo "2434"]
[PlyCount "119"]
[EventDate "2010.12.28"]
[EventType "swiss"]
[EventRounds "9"]
[EventCountry "ENG"]
[SourceTitle "CBM 140 Extra"]
[Source "ChessBase"]
[SourceDate "2011.03.01"]
[SourceVersion "1"]
[SourceVersionDate "2011.03.01"]
[SourceQuality "1"]

1. e4 e6 2. d4 d5 3. Nc3 Nf6 4. e5 Nfd7 5. f4 c5 6. Nf3 Nc6 7. Be3 a6 8. Qd2 b5 9. dxc5 Bxc5 10. Ne2 Qb6 11. Bxc5 Nxc5 12. Ned4 Nxd4 13. Nxd4 b4 14. Be2 a5 15. 0-0 Ba6 16. Bxa6 Rxa6 17. Qe3 0-0 18. f5 exf5 19. Nxf5 Nd7 20. Qxb6 Rxb6 21. Ne7+ Kh8 22. Nxd5 Rc6 23. e6 Rxe6 24. Rae1 Re5 25. Rxe5 Nxe5 26. Ne3 Rc8 27. Rd1 g6 28. Rd5 Nc4 29. Nxc4 Rxc4 30. Rd2 Kg7 31. Kf2 Kf6 32. Ke3 Ke5 33. Rf2 f5 34. g3 g5 35. Kd3 Rd4+ 36. Ke3 Re4+ 37. Kd3 Rd4+ 38. Ke3 Re4+ 39. Kd3 f4 40. gxf4+ gxf4 41. c3 Re3+ 42. Kd2 bxc3+ 43. bxc3 Ke4 44. Re2 Rxe2+ 45. Kxe2 a4 46. a3 f3+ 47. Kf2 Kd3 48. Kxf3 Kxc3 49. Ke3 Kb3 50. Kd3 Kxa3 51. Kc3 Ka2 52. Kc2 h5 53. h4 a3 54. Kc1 Kb3 55. Kb1 Kc3 56. Ka2 Kd3 57. Kxa3 Ke3 58. Kb2 Kf3 59. Kc2 Kg3 60. Kd2 1/2-1/2

[Event "London Classic op"]
[Site "London"]
[Date "2010.12.13"]
[Round "7"]
[White "Radovanovic, Jovica"]
[Black "Summerscale, Aaron"]
[Result "0-1"]
[WhiteElo "2276"]
[BlackElo "2434"]
[PlyCount "56"]
[EventDate "2010.12.08"]
[EventType "swiss"]
[EventRounds "9"]
[EventCountry "ENG"]
[SourceTitle "CBM 139 Extra"]
[Source "ChessBase"]
[SourceDate "2011.01.05"]
[SourceVersion "1"]
[SourceVersionDate "2011.01.05"]
[SourceQuality "1"]

1. e4 e6 2. d4 d5 3. Nc3 Nf6 4. e5 Nfd7 5. f4 c5 6. Nf3 Nc6 7. Be3 a6 8. Qd2 b5 9. dxc5 Bxc5 10. Bxc5 Nxc5 11. Qf2 Qb6 12. Bd3 b4 13. Ne2 a5 14. 0-0 Ba6 15. Kh1 Na4 16. Qg3 g6 17. Ng5 Nxb2 18. Nxf7 Kxf7 19. f5 exf5 20. Bxf5 Kg7 21. Bxg6 hxg6 22. Rf6 Rxh2+ 23. Qxh2 Bxe2 24. Rf4 Nd1 25. e6 Nf2+ 26. Rxf2 Qxf2 27. Qc7+ Kh6 28. Qxc6 Rh8 0-1

[Event "London Classic op"]
[Site "London"]
[Date "2010.12.12"]
[Round "5"]
[White "Zhou, Yang Fan"]
[Black "Summerscale, Aaron"]
[Result "0-1"]
[WhiteElo "2326"]
[BlackElo "2434"]
[PlyCount "54"]
[EventDate "2010.12.08"]
[EventType "swiss"]
[EventRounds "9"]
[EventCountry "ENG"]
[SourceTitle "CBM 139 Extra"]
[Source "ChessBase"]
[SourceDate "2011.01.05"]
[SourceVersion "1"]
[SourceVersionDate "2011.01.05"]
[SourceQuality "1"]

1. e4 e6 2. d4 d5 3. e5 c5 4. c3 Qb6 5. Nf3 Bd7 6. a3 cxd4 7. cxd4 Bb5 8. Bxb5+ Qxb5 9. Nc3 Qa6 10. Ne2 Ne7 11. 0-0 Nd7 12. Nf4 Nc6 13. Nh5 Qb6 14. Be3 Qxb2 15. Ng5 Nd8 16. Qg4 h6 17. Nf3 g6 18. Nf6+ Nxf6 19. exf6 Bxa3 20. Ne5 Bd6 21. Nxg6 Rg8 22. Qd1 Rxg6 23. Qa4+ Kf8 24. Qd7 Qb6 25. Rfc1 Rxf6 26. Rab1 Bb4 27. Rc7 Qd6 0-1